Persepsi Terhadap Kenaikan Gaji Berdasarkan Prestasi Dalam SSB: (Record no. 4427)

000 -LEADER
fixed length control field nam a22 a 4500
005 - DATE AND TIME OF LATEST TRANSACTION
control field 20170530093837.0
008 - FIXED-LENGTH DATA ELEMENTS--GENERAL INFORMATION
fixed length control field 170530b1995 my ||||| |||| 00| 0 may d
040 ## - CATALOGING SOURCE
Original cataloging agency AKMAL
082 ## - DEWEY DECIMAL CLASSIFICATION NUMBER
Classification number 354.595001 YEA
100 ## - MAIN ENTRY--PERSONAL NAME
Personal name Yeap Lai Hoon
9 (RLIN) 8596
245 ## - TITLE STATEMENT
Title Persepsi Terhadap Kenaikan Gaji Berdasarkan Prestasi Dalam SSB:
Remainder of title Hubungannya dengan Motivasi Kerja dan Kepuasan Kerja /
Statement of responsibility, etc. Yeap Lai Hoon
260 ## - PUBLICATION, DISTRIBUTION, ETC.
Place of publication, distribution, etc. Malaysia
Date of publication, distribution, etc. 1995
300 ## - PHYSICAL DESCRIPTION
Dimensions cm
942 ## - ADDED ENTRY ELEMENTS (KOHA)
Source of classification or shelving scheme
Koha item type Book
Holdings
Withdrawn status Lost status Source of classification or shelving scheme Damaged status Not for loan Collection code Home library Current library Shelving location Date acquired Inventory number Total Checkouts Full call number Barcode Date last seen Price effective from Koha item type
          NON-FICTION AKMAL Melaka AKMAL Melaka RUJUKAN 30.05.2017 000002   354.595001 YEA 201706977 30.05.2017 30.05.2017 Book
Pusat Sumber Maklumat Dato' Haji Sarmin Md Hussin, Akademi Kastam Diraja Malaysia, Melaka
Tel: 06-2331106 | Faks: 06-2313787